| 000 | 01216cam a2200313 a 4500 | ||
|---|---|---|---|
| 003 | CHAP | ||
| 005 | 20220817043801.0 | ||
| 008 | 010725d2001 mx 00 spa d | ||
| 010 | _a84327 | ||
| 011 | _a85299 | ||
| 035 | _a95832 | ||
| 040 | _cCHAP | ||
| 100 | 0 | 0 |
_aGómez Calderón, Sergio. _949633 |
| 245 | 0 | 0 |
_aAnálisis de la información nematológica de las tesis existentes en el Departamento de Parasitología Agrícola de la Universidad Autónoma Chapingo, de 1980 a 2000. _c/por Sergio Gómez Calderón |
| 260 |
_aChapingo, Méx. : _bEl autor, _c2001. |
||
| 300 |
_a65 h. : _bgráfs. |
||
| 500 | _aTesis (Ing. Agr. Esp. en Parasitología Agrícola) -- UACH. Departamento de Parasitología Agrícola | ||
| 590 |
_aBATCH-UPD _b10 _c20130110 _lUCH01 _h1158 |
||
| 590 |
_aBATCH-UPD _b10 _c20130410 _lUCH01 _h0740 |
||
| 590 |
_aBATCH-UPD _b10 _c20130914 _lUCH01 _h1838 |
||
| 590 |
_aCONVERSION _b10 _c20130109 _lUCH01 _h1347 |
||
| 650 | 1 | 4 | _aNemátodos parásitos de plantas. |
| 650 | 1 | 4 |
_aTesis _xBibliografía. |
| 901 | _aBK | ||
| 905 | _aLilia Sánchez G. | ||
| 942 | _cFOLL | ||
| 949 |
_aTesis _bBC _cTES _d33724000839379 _eTS2 _fc.2 _h38287 _i95832 _sb |
||
| 949 |
_aTesis _bBC _cTES _d958321 _eTS1 _h38286 _i95832 _sb |
||
| 999 |
_c84327 _d84327 |
||